The Flags of the Biggest Empires - Statistics

General Stats
  • This quiz has been taken 209 times
  • The average score is 13 of 32
Answer Stats
Picture Answer % Correct
British Empire
94%
Mongol Empire
93%
Russian Empire
90%
Spanish Empire
88%
Empire of Japan
86%
Qing Dynasty
82%
Roman Empire
77%
Ottoman Empire
76%
Empire of Brazil
65%
Second Portuguese Empire
50%
Achaemenid Empire
48%
Iberian Union
48%
Macedonian Empire
41%
Ming Dynasty
40%
Umayyad Caliphate
30%
Golden Horde Khanate
29%
Yuan Dynasty
29%
Abbasid Caliphate
27%
Eastern Han Dynasty
24%
Western Han Dynasty
24%
Timurid Empire
22%
Tang Dynasty
18%
Tibetan Empire
17%
First Mexican Empire
14%
Rashidun Caliphate
13%
Xiongnu Empire
11%
Fatimid Caliphate
10%
First Turkic Khaganate
10%
Xin Dynasty
10%
Second French Colonial Empire
6%
Northern Yuan Dynasty
1%
Xianbei State
1%
No matching quizzes found
Score Distribution
Percent of People with Each Score
Percentile by Number Answered
Your Score History
You have not taken this quiz